00494nam a22001337a 4500003000500000005001700005008004100022020001800063050002300081245014200104260003400246300002900280500005100309SISC20161115144156.0161115b xxu||||| |||| 00| 0 eng d a9781138142787 aBF 637b.In61 1999 aInterventions and strategies in counseling and psychotherapy /cedited by Richard E. Watts, Ph. D. and Jon Carlson, Psy. D., Ed. D, ABPP. aNew York :bRoutledge,c1999. axii, 240 pages ;c23 cm. aIncludes bibliographical references and index.